000 00660nam a22001697a 4500
003 NUST
038 _aNusrat Nadeem
082 _a200
100 _aSaleem, Shabab
_9120289
245 _aArtificial intelligence based robust nonlinear controllers optimized by improved gray wolf optimization algorithm for plug-in hybrid electric vehicles in grid to vehicle applications/
_cShabab Saleem,
264 _aIslamabad,
_c2023.
_bSEECS NUST;
300 _aill:
_b58,p:
_c30,cm.
650 _aMS-Electrical Engineering
_923567
700 _aSupervisor: Dr. Iftikhar Ahmad
_997150
856 _u http://10.250.8.41:8080/xmlui/handle/123456789/38491
942 _2ddc
_cSC
999 _c607651
_d607651